Hauptstädte-Länder die an Peru grenzen - Statistiken

Allgemein
  • Dieses Quiz wurde 77 mal gespielt
  • Das Durchschnittsergebnis liegt bei 4 aus 5
Antwortstatistiken
Antwort % Korrekt
Brasilia
95%
Santiago de Chile
94%
Bogota
91%
Quito
88%
La Paz
66%
Keine übereinstimmenden Quizze gefunden
Verteilung der Resultate
Anzahl Personen mit jedem Resultat
Perzentil nach korrekt beantworteten Fragen
Ihre Resultats-Entwicklung
Sie haben dieses Quiz noch nicht gespielt